| 000 | 01054ntm a2200253 a 4500 | ||
|---|---|---|---|
| 001 | 21310 | ||
| 003 | BD-RjUL | ||
| 005 | 20211209000654.0 | ||
| 008 | 140304s2012 bg a|||| m|b| 00| 0 eng d | ||
| 035 | _a(BD-RjUL)21374 | ||
| 040 |
_aBD-RjUL _beng _cBD-RjUL _dBD-RjUL |
||
| 041 | _aeng | ||
| 082 |
_221 _a636.50954924 _bALS 2012 |
||
| 100 |
_aAlam, Md. Bashirul _965892 |
||
| 245 |
_6Research Supervisor: M. Zainul Abedin _aSocio-Economic impact of Commercial Poultry Farming in Bangladesh : _ba study on selected areas of Rajshahi District / _cby Md. Bashirul Alam. |
||
| 260 |
_aRajshahi: _bInstitute of Bangladesh, University of Rajshahi, _c2012. |
||
| 300 |
_axxxix, 273 leaves : _bIll. ; _c29 cm. |
||
| 502 | _aThesis (Ph. D. ) -- Institute of Bangladesh, University of Rajshahi,2012 | ||
| 504 | _aBibliography : leaves 244-254 | ||
| 650 |
_aPoultry _zBangladesh _zRajshahi District _965893 |
||
| 650 |
_aPoultry _vEconomic aspect _zBangladesh _zRajshahi District _965894 |
||
| 700 |
_a Abedin, M. Zainul, Research Supervisor _965895 |
||
| 942 |
_2ddc _cTHE |
||
| 999 |
_c21310 _d21310 |
||